| 000 | 00394nam a2200157 i 4500 | ||
|---|---|---|---|
| 001 | bg | ||
| 100 | 1 | _aDULNEV, G. N | |
| 245 | 0 |
_aTeplovye reżimy elektronnoj apparatury / _cG.W. Dulnew, W.W. Tarnowskij. |
|
| 260 |
_aLeningrad, _c1971. |
||
| 700 | 1 | _aTARNOVSKIJ, N. N. | |
| 040 | _cBPK | ||
| 041 | _apol | ||
| 080 | _a621.396.6 | ||
| 942 | _cKS | ||
| 008 | s pl f |000 0 pol | ||
| 999 |
_c14928 _d14928 |
||
| 856 |
_uhttp://koha.tu.koszalin.pl/cgi-bin/koha/opac-detail.pl?biblionumber=14928 _yKatalog online BPK |
||